| 000 | 00386nam a22001337a 4500 | ||
|---|---|---|---|
| 003 | SGT | ||
| 082 |
_a615 _bM09M |
||
| 100 | _a MINISTRY OF HEALTH & FAMILY WELFARE. | ||
| 245 | _a MACROSCOPIC & MICROSCOPIC ATLAS OF AYURVEDIC PHARMACOPIEIAL DRUGS-1 | ||
| 260 |
_aDELHI _b MINISTRY OF HEALTH & FAMILY WELFARE. _c2009 |
||
| 300 | _a270 | ||
| 650 | _aAYURVEDA ATLAS AND DRUGS | ||
| 942 |
_2ddc _cBK |
||
| 999 |
_c8637 _d8637 |
||